MARC

LEADER 00000nam0a2200000 4500
001 376275
005 20231120161451.0
035 |a (RuTPU)RU\TPU\retro\33715 
090 |a 376275 
100 |a 20221222d1978 km y0rusy50 ca 
101 0 |a rus 
102 |a RU 
105 |a a z 001zy 
200 1 |a Геология, разведка и разработка газовых и газоконденсатных месторождений Тимано-Печорской провинции  |e сборник статей  |f Академия наук СССР, Коми филиал, Институт геологии 
210 |a Сыктывкар  |c [Б. и.]  |d 1978 
215 |a 159 с.  |c ил. 
320 |a Библиография в конце статей 
606 1 |a Газовые месторождения  |x Геология  |2 stltpush  |3 (RuTPU)RU\TPU\subj\4643  |9 32890 
606 1 |a Газовые скважины  |x Режим работы  |2 stltpush  |3 (RuTPU)RU\TPU\subj\4706  |9 32944 
610 1 |a Тимано-Печорская провинция 
610 1 |a газ 
610 1 |a поисково-разведочные работы 
610 1 |a эффективность 
610 1 |a бурение на газ 
610 1 |a разработка 
610 1 |a эксплуатация 
675 |a 553.981  |v 4 
675 |a 622.279  |v 4 
712 0 2 |a Академия наук СССР  |b Коми филиал  |b Институт геологии  |c (Сыктывкар)  |c (1958-1987)  |2 stltpush  |3 (RuTPU)RU\TPU\col\11375  |9 25073 
801 1 |a RU  |b 63413507  |c 20221222 
942 |c BK